000 00977nam a22002297a 4500
003 OSt
005 20251110172817.0
008 251106b |||||||| |||| 00| 0 eng d
040 _c0
082 _aDPer 361.05 J826 January 2018 v. 65 n. 1
100 _aChui, Harold.
_eauthor.
_958751
245 _aTrainees' use of supervision for therapy with sexual minority clients:
_bA qualitative study.
_cHarold Chui, Kathryn S. Ziemer, Kevin J. McGann, Mary Ann Hoffman, and Jessica Stahl.
260 _aU.S.A ;
_bAmerican Psychological Association ,
_cJanuary 2018.
300 _aVolume 65, pages 36-50 :
_billustraton ;
_c28 cm.
500 _aJournal of Counseling Psychology, vol. 65, no. 1, pages 36-50, January 2018.
700 _aChui, Harold.
_eauthor.
_958751
700 _aZiemer, Kathryn S.
_eauthor.
_969278
700 _aMcGann, Kevin J.
_eauthor.
_969279
700 _aHoffman, Mary Ann.
_eauthor.
_969280
_da
700 _aStahl, Jessica.
_eauthor.
_969281
942 _2ddc
_cPER
999 _c24164
_d24164